Appraisal for existing structures (Record no. 105503)
[ view plain ]
| 000 -LEADER | |
|---|---|
| fixed length control field | 00306cam a2200133 4500 |
| 001 - CONTROL NUMBER | |
| control field | L133905 |
| 008 - FIXED-LENGTH DATA ELEMENTS--GENERAL INFORMATION | |
| fixed length control field | 060616n2006 000 0 eng u |
| 020 ## - INTERNATIONAL STANDARD BOOK NUMBER | |
| International Standard Book Number | 187426628X |
| 035 ## - SYSTEM CONTROL NUMBER | |
| System control number | (Sirsi) u133905 |
| 245 ## - TITLE STATEMENT | |
| Title | Appraisal for existing structures |
| 260 ## - PUBLICATION, DISTRIBUTION, ETC. | |
| Place of publication, distribution, etc. | SETO |
| Date of publication, distribution, etc. | 2006 |
| 350 ## - PRICE (NR) (BK AM CF MU VM SE) [OBSOLETE] | |
| Price | 50.00 |
| 942 ## - ADDED ENTRY ELEMENTS (KOHA) | |
| Suppress in OPAC | 0 |
No items available.